[Event "ABIERTO ARGENTINO"]
[Site "SchemingMind.com"]
[Date "2015.04.08"]
[Round "-"]
[White "JimM"]
[Black "dadshane2000"]
[Result "1-0"]
[WhiteCountry "USA"]
[BlackCountry "USA"]
[WhiteElo "1822"]
[WhiteRD "88"]
[BlackElo "1909"]
[BlackRD "91"]
[GameID "378064"]

1. e4 e5 2. Nf3 Nc6 3. Bb5 a6 4. Ba4 Nf6 5. O-O Be7 6. Re1 b5 7. Bb3 d6 8. c3 O-O 9. h3 Na5 10. Bc2 c5
11. d4 Nd7 12. Nbd2 exd4 13. cxd4 Nc6 14. Nf1 cxd4 15. Nxd4 Nxd4 16. Qxd4 Ne5 17. Ne3 Bf6 18. Qd1 Be6 19. Nd5 Bxd5 20. exd5 Rc8
21. Be4 Nc4 22. Rb1 g6 23. Bh6 Re8 24. b3 Nb6 25. f4 Rc3 26. Qd2 Qc7 27. f5 Nd7 28. fxg6 fxg6 29. Kh1 Ne5 30. Rbc1 Rc8
31. Rxc3 Qxc3 32. Rc1 Qxc1+ 33. Qxc1 Rxc1+ 34. Bxc1 Nd7 35. Kg1 Bd4+ 36. Kf1 Nc5 37. Bc2 Nd7 38. Bd1 Ne5= 39. Ke2 Kf7 40. Kd2 h5
41. Kc2 Kf6 42. g4 hxg4 43. hxg4 Nf7 44. b4 Ng5 45. Kd3 Be5 46. a4 bxa4 47. Bxa4 Nh7 48. Bd7 Nf8 49. Bc8 g5 50. Bxa6 Nd7
51. Be3 Bb2 52. Ke4 Be5 53. Bc8 Nf8 54. b5 Ng6 55. b6
1-0

[Event "ABIERTO ARGENTINO"]
[Site "SchemingMind.com"]
[Date "2015.04.07"]
[Round "-"]
[White "dadshane2000"]
[Black "Chessibelle"]
[Result "1-0"]
[WhiteCountry "USA"]
[BlackCountry "ENG"]
[WhiteElo "1946"]
[WhiteRD "91"]
[BlackElo "1236"]
[BlackRD "60"]
[GameID "378065"]

1. e4 e5 2. Nf3 Nc6 3. Bb5 Nf6 4. O-O d6 5. Re1 Bd7 6. d4 Be7 7. Nc3 O-O 8. Bxc6 Bxc6 9. dxe5 Nd7 10. exd6 Bxd6
11. e5 Be7 12. Nd4 Bc5 13. Nxc6 Qc8 14. Nd4 b6 15. Nf3 Qe8 16. Nd5 Rc8 17. Be3 Be7 18. Nxe7+ Qxe7 19. Bg5 Qc5 20. Qxd7 h6
21. Be7 Rfe8 22. Bxc5 bxc5 23. Qc6 Re7 24. Qxc5 Rce8 25. Nd4 f6 26. Qd5+ Kf8 27. Qc5 g5 28. Nc6 Kf7 29. Nxe7 Kg7 30. exf6+
1-0

[Event "ABIERTO ARGENTINO"]
[Site "SchemingMind.com"]
[Date "2015.04.07"]
[Round "-"]
[White "Chessibelle"]
[Black "dadshane2000"]
[Result "0-1"]
[WhiteCountry "ENG"]
[BlackCountry "USA"]
[WhiteElo "1236"]
[WhiteRD "60"]
[BlackElo "1946"]
[BlackRD "91"]
[GameID "378066"]

1. Nf3 Nf6 2. d4 g6 3. e3 Bg7 4. Nc3 d5 5. Bb5+ Bd7 6. O-O a6 7. Bd3 O-O 8. Re1 Nc6 9. e4 dxe4 10. Nxe4 Bg4
11. c3 e5 12. dxe5 Nxe5 13. Be2 Nxe4 14. h3 Qxd1 15. Rxd1 Bxf3 16. gxf3 Nd6 17. f4 Nc6 18. b4 Rfe8 19. Rb1 Rxe2 20. Kf1 Rxa2
21. Be3 Bxc3 22. Bc5 Nb5 23. Rbc1 b6 24. Be3 Nxb4 25. Rd7 Ra1 26. Ke2 Rxc1 27. Bxc1 Re8+ 28. Kf3 Re1 29. Rd8+ Kg7 30. Be3 Nd6
31. Rd7 Rxe3+ 32. Kg2 Rd3 33. Rxc7 Nd5
0-1

[Event "ABIERTO ARGENTINO"]
[Site "SchemingMind.com"]
[Date "2015.04.07"]
[Round "-"]
[White "dadshane2000"]
[Black "frankly"]
[Result "0-1"]
[WhiteCountry "USA"]
[BlackCountry "ENG"]
[WhiteElo "1931"]
[WhiteRD "88"]
[BlackElo "2425"]
[BlackRD "59"]
[GameID "378067"]

1. e4 c5 2. Nf3 Nc6 3. d4 cxd4 4. Nxd4 e5 5. Nb5 d6 6. N1c3 a6 7. Na3 b5 8. Nd5 Nf6 9. Bg5 Be7 10. Bxf6 Bxf6
11. c3 O-O 12. Nc2 Bg5 13. a4 bxa4 14. Rxa4 a5 15. Bc4 Rb8 16. Ra2 Ne7 17. Nce3 Bxe3 18. Nxe3 Kh8 19. O-O f5 20. exf5 Nxf5
21. Qd3 Nxe3 22. Qxe3 Bb7 23. b4 Rf4 24. Qe2 axb4 25. cxb4 Re4 26. Qd3 Qb6 27. Rb2 Rg4 28. g3 Rd4 29. Qb3 Qc6
0-1

[Event "ABIERTO ARGENTINO"]
[Site "SchemingMind.com"]
[Date "2015.04.07"]
[Round "-"]
[White "frankly"]
[Black "dadshane2000"]
[Result "1-0"]
[WhiteCountry "ENG"]
[BlackCountry "USA"]
[WhiteElo "2441"]
[WhiteRD "62"]
[BlackElo "1946"]
[BlackRD "91"]
[GameID "378068"]

1. d4 Nf6 2. Nf3 g6 3. c4 Bg7 4. Nc3 d5 5. Bg5 Ne4 6. Bf4 Nxc3 7. bxc3 dxc4 8. e4 b5 9. a4 c6 10. Be2 a6
11. O-O Nd7 12. Qc1 Nf6 13. Qc2 e6 14. Rfb1 Bb7 15. Bxc4 O-O 16. Bd3 Nh5 17. Be3 Kh8 18. Qe2 f5 19. Ng5 Qe7 20. Bc1 f4
21. Qg4 Nf6 22. Qxe6 Qc7 23. Ba3 Rae8 24. Bxf8 Rxe6 25. Nxe6 Qf7 26. Bxg7+ Kg8 27. axb5 Qxe6 28. Bxf6 Qxf6 29. bxa6
1-0

[Event "ABIERTO ARGENTINO"]
[Site "SchemingMind.com"]
[Date "2015.04.07"]
[Round "-"]
[White "dadshane2000"]
[Black "Reun29"]
[Result "0-1"]
[WhiteCountry "USA"]
[BlackCountry "SUI"]
[WhiteElo "1921"]
[WhiteRD "90"]
[BlackElo "1908"]
[BlackRD "89"]
[GameID "378071"]

1. e4 e5 2. Nf3 Nc6 3. Bc4 Bc5 4. c3 Nf6 5. d3 d6 6. b4 Bb6 7. a4 a6 8. Nbd2 O-O 9. O-O Ne7 10. Bb3 Bg4
11. a5 Ba7 12. h3 Bh5 13. Re1 Qd7 14. Nf1 h6 15. Ng3 Bg6 16. Nh4 Kh7 17. Nxg6 Nxg6 18. Nf5 Ng8 19. h4 N6e7 20. Qf3 Nxf5
21. exf5 c6 22. Be3 Bxe3 23. fxe3 d5 24. e4 d4 25. c4 Qe7 26. g3 Qxb4 27. Reb1 Qe7 28. Bc2 Qc7 29. Rb6 Nf6 30. g4 Nd7
31. Rb2 b5 32. g5 Qd6 33. cxb5 cxb5 34. Bb3 Rac8 35. Bxf7 Rc3 36. Bg6+ Kh8 37. Qe2 Rfc8 38. gxh6 gxh6 39. Qd2 Kg7 40. Qe2 Qf6
41. Qg4 Kh8 42. Qh5 Qg7 43. Rg2 Nf6 44. Qf3 Rc2 45. Ra2 Rxa2 46. Rxa2 Qc7 47. Kh2 Qc1 48. Bf7 Rc2+ 49. Rxc2 Qxc2+ 50. Kh3 Qc1
51. Kg2 Qc7 52. Be6 Qxa5 53. Qd1 Qc3 54. Qf1 Qd2+ 55. Kh1 Ng4 56. Qg1 Nf2+
0-1

[Event "ABIERTO ARGENTINO"]
[Site "SchemingMind.com"]
[Date "2015.04.07"]
[Round "-"]
[White "Reun29"]
[Black "dadshane2000"]
[Result "0-1"]
[WhiteCountry "SUI"]
[BlackCountry "USA"]
[WhiteElo "1913"]
[WhiteRD "109"]
[BlackElo "1931"]
[BlackRD "88"]
[GameID "378072"]

1. e4 c5 2. c3 Nf6 3. e5 Nd5 4. d4 Nc6 5. Nf3 cxd4 6. cxd4 d6 7. Bc4 Nb6 8. Bb5 Bd7 9. exd6 e6 10. Be3 Bxd6
11. O-O Ne7 12. Nc3 O-O 13. Rc1 Rc8 14. Bxd7 Qxd7 15. Qd3 Nc4 16. Rc2 Nf5 17. Rfc1 a6 18. Ne4 Ncxe3 19. fxe3 Rxc2 20. Rxc2 Rc8
21. Rxc8+ Qxc8 22. Nxd6 Qc1+ 23. Kf2 Qxb2+ 24. Qd2 Qxd2+ 25. Nxd2 Nxd6 26. e4 f5 27. Kf3 Kf7 28. Kf4 fxe4 29. Nxe4 Nxe4 30. Kxe4 Ke7
31. Ke5 b5 32. d5 exd5 33. Kxd5 Kd7 34. Kc5 Kc7 35. a3 g5 36. h3 h5 37. g3 h4 38. g4 Kb7 39. Kd6 Kb6 40. Kd5 Ka5
0-1

[Event "ABIERTO ARGENTINO"]
[Site "SchemingMind.com"]
[Date "2015.04.08"]
[Round "-"]
[White "momokodesk"]
[Black "dadshane2000"]
[Result "0-1"]
[WhiteCountry "MEX"]
[BlackCountry "USA"]
[WhiteElo "1344"]
[WhiteRD "123"]
[BlackElo "1946"]
[BlackRD "91"]
[GameID "378074"]

1. Nf3 c5 2. e4 d6 3. d4 cxd4 4. Nxd4 Nf6 5. Nc3 Bd7 6. Bc4 Nc6 7. Bb3 g6 8. O-O Bg7 9. Be3 O-O 10. f3 a6
0-1